Elementos de análisis económico (Registro nro. 5509)
[ vista simple ]
| 000 -LEADER | |
|---|---|
| fixed length control field | 01498 a2200217 4500 |
| 001 - CONTROL NUMBER | |
| control field | 54347 |
| 005 - DATE AND TIME OF LATEST TRANSACTION | |
| control field | 20260407155815.0 |
| 008 - FIXED-LENGTH DATA ELEMENTS--GENERAL INFORMATION | |
| fixed length control field | 260407a1953 arg spa d |
| 003 - CONTROL NUMBER IDENTIFIER | |
| control field | AR-UNSa-BCEJYS |
| 040 ## - CATALOGING SOURCE | |
| Original cataloging agency | AR-UNSa-BCEJYS |
| Language of cataloging | spa |
| Transcribing agency | AR-UNSa-BCEJYS |
| 080 ## - UNIVERSAL DECIMAL CLASSIFICATION NUMBER | |
| Universal Decimal Classification number | 330.1 |
| Common auxiliary subdivision | Ciencia económica. Conceptos fundamentales de teoría económica. Valor. Capital. Fondos |
| 041 ## - LANGUAGE CODE | |
| Language code of text/sound track or separate title | spa |
| 100 1# - MAIN ENTRY--PERSONAL NAME | |
| Personal name | McIsaac, Archibald M. |
| 245 10 - TITLE STATEMENT | |
| Title | Elementos de análisis económico |
| 264 #1 - PRODUCTION, PUBLICATION, DISTRIBUTION, MANUFACTURE, AND COPYRIGHT NOTICE | |
| Place of production, publication, distribution, manufacture | México : |
| Name of producer, publisher, distributor, manufacturer | Fondo de Cultura Económica |
| Date of production, publication, distribution, manufacture, or copyright notice | 1953 |
| 300 ## - PHYSICAL DESCRIPTION | |
| Extent | 261 p. |
| Dimensions | 21 cm. |
| 505 ## - FORMATTED CONTENTS NOTE | |
| Formatted contents note | Primera parte: Análisis de precios - I. La demanda - II. Oferta y costos de producción - III. Formación del precio - IV. Política de precios y de producción - V. Estructuras, niveles y tendencias de los precios - Segunda parte: La empresa,determinación de los precios de los factores,ocupación e ingresos - VI. Previsiones de ganancia e incentivos de la empresa - VII. Producción,ocupación e ingreso - VIII. La demanda de factores de la producción por parte del empresario - IX. La oferta de factores de la producción - Tercera parte: La inversión - X. La inversión real y la valuación de los bienes duraderos - XI. Demanda de fondos para la inversión - XII. La inversión financiera y las transacciones en valores - XIII. Ofertas de fondos para inversión - XIV. Ahorros,ingresos de la propiedad,inversiones y ocupación |
| 590 ## - LOCAL NOTE (RLIN) | |
| Local note | niveau_biblio:m niveau_hierar:0 |
| 700 1# - ADDED ENTRY--PERSONAL NAME | |
| Personal name | Ornelas, Rodolfo |
| 942 ## - ADDED ENTRY ELEMENTS (KOHA) | |
| Koha item type | |
| Withdrawn status | Lost status | Damaged status | Not for loan | Home library | Current library | Shelving location | Date acquired | Total checkouts | Full call number | Barcode | Date last seen | Price effective from | Koha item type |
|---|---|---|---|---|---|---|---|---|---|---|---|---|---|
| Biblioteca Prof. Eusebio Cleto del Rey | Biblioteca Prof. Eusebio Cleto del Rey | 07/04/2026 | 330.1 M478 | L20291 | 07/04/2026 | 07/04/2026 | Libro |